000 00617nam a22002057a 4500
005 20251108173322.0
008 250721s2004 xx 000 0 ara d
082 1 4 _a920/شاه
100 1 _aالشاهين، شامل
245 1 0 _aالمغني المهذب في كتب التراجم : المطبوعة باللغة العربية /
264 1 _aدمشق :
_bدار غار حراء،
_c2004.
300 _a224 ص.
650 1 7 _aالببلوغرافيات
650 1 7 _aالرجال
650 1 7 _aالكتب
650 1 7 _aالمؤلفون
650 1 7 _aالمهن
942 _2ddc
_cBK
999 _c101152
_d101152